000 01322nmc a2200445 a 4500
003 AR-BaBNM
005 20251128204803.0
008 285119s1985 ||||||||||||||000 | spa||
020 _a968-16-2016-X
040 _cAR-BaBNM
100 1 _aShell, Marc
245 1 0 _aDinero, lenguaje y pensamiento
_bla economía literaria y la filosófica, desde la Edad Media hasta la época moderna
250 _a1ª ed.
260 _aMéxico, D.F.
_bFondo de Cultura Económica
_c1985
300 0 _a338 p.
_bil.
490 0 _aBreviarios
_vv. 404
500 0 _aApéndices: 1 Más allá de la crisografía - 2 Semejanza y probabilidad - 3 El complejo del dinero en el psicoanálisis
600 1 4 _aKant, Immanuel
600 1 4 _aHegel, Georg Wilhelm Friedrich
600 1 4 _aHeidegger, Martin
600 1 4 _aGoethe, Johann Wolfgang Von
600 1 4 _aPoe, Edgar Allan
650 4 _aLENGUAJE
650 4 _aPENSAMIENTO
650 4 _aECONOMIA
650 4 _aCAMBIO SOCIAL
650 4 _aDINERO
650 4 _aSISTEMAS MONETARIOS
650 4 _aVERDAD
650 4 _aFILOSOFIA
650 4 _aETICA
650 4 _aDERECHO DE PROPIEDAD
650 4 _aPROPIEDAD PRIVADA
650 4 _aPOESIA
650 4 _aRIQUEZA
655 _aLITERATURA
700 1 _aUtrilla, Juan José
_etraductor
942 _cBK
998 _cGLORIA
999 _c8826
_d8826